[Event "5th North Sea Cup"]
[Site "Esbjerg DEN"]
[Date "1980.07.??"]
[Round "1"]
[White "Mestel, Andrew Jonathan"]
[Black "Savon, Vladimir"]
[Result "1-0"]
[WhiteElo "2485"]
[BlackElo "2510"]
[EventDate "1980.07.04"]
[PlyCount "79"]

1.e4 c5 2.Nf3 d6 3.d4 cxd4 4.Nxd4 Nf6 5.Nc3 a6 6.Be2 e5 7.Nb3 Be7 8.O-O 
O-O 9.a4 Be6 10.f4 Nbd7 11.Kh1 Rc8 12.Qe1 Bc4 13.a5 Re8 14.f5 d5 15.Bxc4 
dxc4 16.Nd2 Bb4 17.Qe2 Bxa5 18.g4 h6 19.Rg1 Bxc3 20.bxc3 Nh7 21.Nf3 f6 22.
h4 Rc6 23.Be3 Qe7 24.Rg3 Nc5 25.Bf2 b5 26.Rag1 Na4 27.Be1 Rd8 28.Rh3 Rcd6 
29.g5 fxg5 30.hxg5 Nxg5 31.Nxg5 hxg5 32.Qh2 Qf6 33.Bf2 Kf7 34.Be3 Rd1 35.
Rh7 Rxg1+ 36.Kxg1 Nxc3 37.Qh5+ Ke7 38.Bxg5 Rd1+ 39.Kh2 Rd2+ 40.Kh3 1-0

[Event "5th North Sea Cup"]
[Site "Esbjerg DEN"]
[Date "1980.07.??"]
[Round "1"]
[White "Kristiansen, Jens"]
[Black "Fries-Nielsen, Niels Joergen"]
[Result "1/2-1/2"]
[WhiteElo "2430"]
[BlackElo "2315"]
[EventDate "1980.07.04"]
[PlyCount "40"]

1.e4 e5 2.Nf3 Nc6 3.Bb5 d6 4.d4 exd4 5.Nxd4 Bd7 6.Nc3 Nf6 7.O-O Be7 8.Bxc6
bxc6 9.Qf3 O-O 10.b3 Rb8 11.Bb2 Re8 12.Rfe1 Bf8 13.h3 Qc8 14.g4 h6 15.Re3 
Nh7 16.Qg2 Be7 17.Nf5 Bf6 18.Rae1 Qd8 19.Nd1 Bxb2 20.Nxb2 g6 1/2-1/2

[Event "5th North Sea Cup"]
[Site "Esbjerg DEN"]
[Date "1980.07.??"]
[Round "1"]
[White "Plachetka, Jan"]
[Black "Csom, Istvan"]
[Result "1/2-1/2"]
[WhiteElo "2480"]
[BlackElo "2510"]
[EventDate "1980.07.04"]
[PlyCount "42"]

1.Nf3 f5 2.g3 b6 3.Bg2 Bb7 4.O-O Nf6 5.c4 e6 6.Nc3 Bb4 7.Qc2 O-O 8.a3 Bxc3
9.Qxc3 a5 10.b4 Qe7 11.d3 d6 12.Bd2 Nbd7 13.Qb2 axb4 14.axb4 Rfc8 15.Rxa8 
Rxa8 16.Ra1 Qe8 17.Bc3 Rxa1+ 18.Qxa1 Qa8 19.Qxa8+ Bxa8 20.Nd4 Bxg2 21.Kxg2
Kf7 1/2-1/2

[Event "5th North Sea Cup"]
[Site "Esbjerg DEN"]
[Date "1980.07.??"]
[Round "1"]
[White "Sloth, Joern"]
[Black "Fries-Nielsen, Jens Ove"]
[Result "1/2-1/2"]
[WhiteElo "2385"]
[BlackElo "2355"]
[EventDate "1980.07.04"]
[PlyCount "100"]

1.c4 e6 2.g3 Nf6 3.Bg2 d5 4.d4 Be7 5.Nf3 O-O 6.O-O b6 7.Nc3 Bb7 8.Ne5 c6 
9.Bf4 Nfd7 10.Nxd7 Qxd7 11.Qa4 dxc4 12.Qxc4 Na6 13.Rfd1 Rfd8 14.a3 Rac8 
15.b4 Nc7 16.Bxc7 Rxc7 17.Rac1 h6 18.e3 Rdc8 19.Ne2 Bd6 20.Nf4 Rd8 21.Nd3 
Qc8 22.Qb3 Ba6 23.Rc3 Bxd3 24.Rcxd3 Be7 25.Qc4 Qd7 26.Bf3 Rdc8 27.Kg2 Qd6 
28.Rc3 e5 29.dxe5 Qxe5 30.Rcd3 b5 31.Qb3 c5 32.bxc5 Rxc5 33.a4 bxa4 34.
Qxa4 a5 35.Rd5 Qf6 36.Rxc5 Rxc5 37.Qe8+ Kh7 38.Rd7 Re5 39.Ra7 g6 40.Ra8 
Qg7 41.Bd5 Rxd5 42.Qxe7 h5 43.Ra7 Rf5 44.e4 Re5 45.Qb7 g5 46.Qb3 Kg8 47.
Qb8+ Kh7 48.Qc7 g4 49.Rxa5 Qf6 50.Qxe5 Qf3+ 1/2-1/2

[Event "5th North Sea Cup"]
[Site "Esbjerg DEN"]
[Date "1980.07.??"]
[Round "1"]
[White "Mortensen, Erling"]
[Black "Fuller, Maxwell"]
[Result "1/2-1/2"]
[WhiteElo "2400"]
[BlackElo "2355"]
[EventDate "1980.07.04"]
[PlyCount "139"]

1.c4 c5 2.Nf3 Nf6 3.Nc3 b6 4.e4 Bb7 5.Bd3 Nc6 6.O-O g6 7.Bc2 Bg7 8.d4 cxd4
9.Nxd4 O-O 10.Nxc6 dxc6 11.Qe2 e5 12.c5 Nd7 13.Be3 Qe7 14.cxb6 axb6 15.
Rfd1 Rfd8 16.Bb3 Nc5 17.Bxc5 Qxc5 18.Na4 Qb4 19.Qf3 Rxd1+ 20.Rxd1 Rf8 21.
a3 Qa5 22.h3 Bc8 23.Qe3 b5 24.Nc5 Rd8 25.Rd3 Rxd3 26.Nxd3 Qd8 27.Nb4 Qd6 
28.Qb6 Qd2 29.Nxc6 Bf6 30.Na7 Bh4 31.Qe3 Qxe3 32.fxe3 Bd7 33.Bd5 Bd8 34.
Kf2 Bb6 35.Nc6 Bxc6 36.Bxc6 b4 37.a4 Kf8 38.Ke2 Ke7 39.Bd5 Kd6 40.Bxf7 Bd8
41.Kd3 Kc5 42.Bd5 h6 43.b3 g5 44.Ke2 Kd6 45.Kf3 Ke7 46.Kg4 Kf6 47.h4 gxh4 
48.Kxh4 Kg6+ 49.Kg4 Kf6 50.Bb7 Bb6 51.Kh5 Kg7 52.Bc8 Bd8 53.Bd7 Bb6 54.Be8
Bd8 55.g4 Bg5 56.a5 Kf6 57.Bg6 Bxe3 58.Bf5 Bg5 59.Bc8 Kg7 60.a6 Be3 61.g5 
hxg5 62.Kg4 Kf6 63.Kf3 Bd4 64.Ke2 Ke7 65.Kd3 Kd8 66.Bg4 Kc7 67.Kc4 Bc3 68.
Kb5 Kb8 69.Kb6 Bd4+ 70.Kb5 1/2-1/2

[Event "5th North Sea Cup"]
[Site "Esbjerg DEN"]
[Date "1980.07.??"]
[Round "2"]
[White "Fries-Nielsen, Jens Ove"]
[Black "Iskov, Gert"]
[Result "0-1"]
[WhiteElo "2355"]
[BlackElo "2400"]
[EventDate "1980.07.04"]
[PlyCount "78"]

1.e4 Nf6 2.e5 Nd5 3.d4 d6 4.Nf3 Bg4 5.Be2 c6 6.O-O Bxf3 7.Bxf3 dxe5 8.dxe5
e6 9.Qe2 Nd7 10.Re1 Qc7 11.Bd2 O-O-O 12.Nc3 Ne7 13.Bg5 h6 14.Bxe7 Bxe7 15.
a3 Nb6 16.Rad1 Rxd1 17.Rxd1 Rd8 18.Re1 Rd4 19.Nb1 Qd8 20.c3 Rd7 21.Be4 g5 
22.g3 Bf8 23.b4 Kb8 24.Bc2 Bg7 25.a4 a6 26.a5 Nd5 27.Qe4 Qc7 28.Kg2 c5 29.
Ba4 Rd8 30.h4 Bf8 31.hxg5 hxg5 32.Rd1 cxb4 33.c4 Ne7 34.Rxd8+ Qxd8 35.Qf3 
Nf5 36.Bc2 Nd4 37.Qd3 Be7 38.Bd1 Nc6 39.Qxd8+ Bxd8 0-1

[Event "5th North Sea Cup"]
[Site "Esbjerg DEN"]
[Date "1980.07.??"]
[Round "2"]
[White "Sloth, Joern"]
[Black "Mestel, Andrew Jonathan"]
[Result "1/2-1/2"]
[WhiteElo "2385"]
[BlackElo "2485"]
[EventDate "1980.07.04"]
[PlyCount "58"]

1.c4 c5 2.g3 g6 3.Bg2 Bg7 4.e3 Nc6 5.Ne2 e5 6.Nbc3 Nge7 7.d3 a6 8.b3 Rb8 
9.Bb2 b5 10.Qd2 d6 11.O-O O-O 12.Rfd1 Re8 13.Nd5 Nxd5 14.Bxd5 Ne7 15.Bg2 
Be6 16.Nc3 Qb6 17.Rab1 Rbd8 18.Nd5 Nxd5 19.cxd5 Bg4 20.Rdc1 b4 21.Rc4 Bd7 
22.d4 cxd4 23.Rxb4 Qa5 24.Rxd4 Qxa2 25.Ra1 Qxa1+ 26.Bxa1 exd4 27.Bxd4 Bxd4
28.Qxd4 Rb8 29.Qa7 Bb5 1/2-1/2

[Event "5th North Sea Cup"]
[Site "Esbjerg DEN"]
[Date "1980.07.??"]
[Round "2"]
[White "Fries-Nielsen, Niels Joergen"]
[Black "Mortensen, Erling"]
[Result "1-0"]
[WhiteElo "2315"]
[BlackElo "2400"]
[EventDate "1980.07.04"]
[PlyCount "113"]

1.c4 Nf6 2.Nf3 g6 3.g3 Bg7 4.Bg2 O-O 5.O-O d6 6.Nc3 e5 7.d4 Nbd7 8.e4 c6 
9.h3 a6 10.a4 a5 11.Be3 exd4 12.Nxd4 Re8 13.Qc2 Nc5 14.Rfe1 Qb6 15.Rad1 
Qb4 16.Na2 Qb6 17.Nc3 Be6 18.Nxe6 Rxe6 19.f4 Rae8 20.Qf2 Nfd7 21.f5 Re5 
22.Rxd6 Qb4 23.Red1 Nf6 24.fxg6 Ne6 25.gxf7+ Kxf7 26.Bf4 Nf8 27.Bh6 R8e6 
28.Rxe6 Rxe6 29.Bxg7 Kxg7 30.Rf1 Ng6 31.g4 h6 32.Qf5 Qe7 33.g5 hxg5 34.
Qxg5 Re5 35.Rf5 Kf7 36.Bf3 Rxf5 37.Qxf5 Ne5 38.Bh5+ Kf8 39.Be2 Kf7 40.Bh5+
Kf8 41.Ne2 Qd6 42.Nf4 Nxc4 43.Qc8+ Kg7 44.Ne6+ Kh7 45.Qxb7+ Nd7 46.Qxd7+ 
Qxd7 47.Nf8+ Kh6 48.Nxd7 Kxh5 49.b3 Nd2 50.Nc5 Kg5 51.Kf2 Kf4 52.h4 Nf3 
53.Ne6+ Kg4 54.h5 Ne5 55.h6 Nf7 56.h7 Kh5 57.Nd8 1-0

[Event "5th North Sea Cup"]
[Site "Esbjerg DEN"]
[Date "1980.07.??"]
[Round "2"]
[White "Fuller, Maxwell"]
[Black "Plachetka, Jan"]
[Result "0-1"]
[WhiteElo "2355"]
[BlackElo "2480"]
[EventDate "1980.07.04"]
[PlyCount "102"]

1.b3 e5 2.Bb2 Nc6 3.e3 d6 4.Bb5 Ne7 5.Nf3 a6 6.Be2 Ng6 7.d4 Be7 8.dxe5 
dxe5 9.Qxd8+ Bxd8 10.Nc3 Be6 11.O-O f5 12.Rfd1 e4 13.Nd4 Nxd4 14.Rxd4 Bf6 
15.Rd2 Kf7 16.Na4 Bxb2 17.Nxb2 Rad8 18.Rad1 Rxd2 19.Rxd2 Ne5 20.f4 exf3 
21.gxf3 g5 22.f4 gxf4 23.exf4 Ng6 24.Nd3 Kf6 25.Bf3 b6 26.Bh5 Rd8 27.Bxg6 
hxg6 28.h4 c5 29.Kf2 c4 30.bxc4 Bxc4 31.Ke3 Bxa2 32.Nb4 Re8+ 33.Kf3 Bc4 
34.Rd4 Be2+ 35.Kf2 Kg7 36.Nd5 Bg4 37.Nxb6 Re2+ 38.Kg3 Rxc2 39.Rd7+ Kh6 40.
Ra7 Rc3+ 41.Kf2 Rf3+ 42.Kg2 Rxf4 43.Rxa6 Rd4 44.Ra4 Rd2+ 45.Kg3 Rd3+ 46.
Kg2 Kh5 47.Nc4 Rd4 48.Ra8 Bh3+ 49.Kg3 Rg4+ 50.Kf3 Bg2+ 51.Kf2 Bxa8 0-1

[Event "5th North Sea Cup"]
[Site "Esbjerg DEN"]
[Date "1980.07.??"]
[Round "2"]
[White "Savon, Vladimir"]
[Black "Kristiansen, Jens"]
[Result "1/2-1/2"]
[WhiteElo "2510"]
[BlackElo "2430"]
[EventDate "1980.07.04"]
[PlyCount "66"]

1.c4 e6 2.Nf3 f5 3.g3 Nf6 4.Bg2 Be7 5.O-O O-O 6.d4 c6 7.b3 a5 8.Ba3 d6 9.
Nc3 Qe8 10.Re1 Na6 11.e4 Nxe4 12.Nxe4 fxe4 13.Rxe4 d5 14.Bxe7 dxe4 15.Bxf8
exf3 16.Bxg7 fxg2 17.Be5 Qg6 18.Qd2 b6 19.c5 Bb7 20.Bd6 bxc5 21.dxc5 Nb4 
22.Re1 Ba6 23.Kxg2 Nd3 24.Re3 a4 25.b4 Re8 26.f3 e5 27.Re4 Qf5 28.a3 Re6 
29.Qe3 Kg7 30.Rg4+ Rg6 31.Re4 Re6 32.Rg4+ Rg6 33.Re4 Re6 1/2-1/2

[Event "5th North Sea Cup"]
[Site "Esbjerg DEN"]
[Date "1980.07.??"]
[Round "3"]
[White "Mortensen, Erling"]
[Black "Savon, Vladimir"]
[Result "1/2-1/2"]
[WhiteElo "2400"]
[BlackElo "2510"]
[EventDate "1980.07.04"]
[PlyCount "80"]

1.c4 Nf6 2.Nc3 g6 3.g3 Bg7 4.Bg2 O-O 5.d4 c5 6.Nf3 cxd4 7.Nxd4 Nc6 8.O-O 
Qa5 9.Nb3 Qh5 10.e4 Qxd1 11.Rxd1 d6 12.h3 Be6 13.Nd5 Nd7 14.Rb1 Rac8 15.
Be3 b6 16.Nd2 Nc5 17.b3 Bxd5 18.exd5 Nb4 19.a3 Nc2 20.Bxc5 bxc5 21.Be4 Nd4
22.Re1 f5 23.Bg2 Rc7 24.Nf3 f4 25.g4 a5 26.Nxd4 Bxd4 27.Be4 f3 28.Rbd1 Rb7
29.Bc2 a4 30.Rb1 axb3 31.Rxb3 Rxb3 32.Bxb3 Rb8 33.Rb1 Kf7 34.Bc2 Rxb1+ 35.
Bxb1 Kf6 36.Be4 Ke5 37.Bxf3 Kf4 38.Kg2 g5 39.Bd1 Bb2 40.a4 Bc3 1/2-1/2

[Event "5th North Sea Cup"]
[Site "Esbjerg DEN"]
[Date "1980.07.??"]
[Round "3"]
[White "Iskov, Gert"]
[Black "Jakobsen, Ole"]
[Result "1-0"]
[WhiteElo "2400"]
[BlackElo "2410"]
[EventDate "1980.07.04"]
[PlyCount "81"]

1.e4 c5 2.Nf3 d6 3.d4 cxd4 4.Nxd4 Nf6 5.Nc3 a6 6.f4 Qc7 7.Be2 e5 8.Nb3 b5 
9.a3 Bb7 10.Bf3 Nbd7 11.O-O Rc8 12.Kh1 Be7 13.g4 h6 14.g5 hxg5 15.fxg5 Nh7
16.g6 fxg6 17.Bg2 Nhf6 18.Qf3 Nf8 19.Bg5 Qd7 20.Bxf6 gxf6 21.Qd3 Ne6 22.
Nd5 Bxd5 23.exd5 Nf8 24.Na5 f5 25.Nc6 Bf6 26.a4 Qh7 27.h3 e4 28.Qg3 b4 29.
Qxd6 Bxb2 30.Rae1 Qd7 31.Qxb4 Bf6 32.Bxe4 Rxh3+ 33.Kg2 Kf7 34.Kxh3 fxe4+ 
35.Kh2 Kg7 36.Qxe4 Qd6+ 37.Qf4 Rxc6 38.dxc6 Qxc6 39.c4 Nd7 40.a5 Qc5 41.
Kg2 1-0

[Event "5th North Sea Cup"]
[Site "Esbjerg DEN"]
[Date "1980.07.??"]
[Round "3"]
[White "Kristiansen, Jens"]
[Black "Sloth, Joern"]
[Result "1/2-1/2"]
[WhiteElo "2430"]
[BlackElo "2385"]
[EventDate "1980.07.04"]
[PlyCount "40"]

1.Nf3 d5 2.b3 Bg4 3.Bb2 Nd7 4.g3 Bxf3 5.exf3 Ngf6 6.Bg2 e5 7.O-O Bd6 8.d4 
O-O 9.dxe5 Bxe5 10.Nc3 c6 11.f4 Bd6 12.Ne2 Re8 13.Nd4 Bf8 14.c4 dxc4 15.
bxc4 Qa5 16.Qc2 Ba3 17.Bc3 Bb4 18.Bb2 Ba3 19.Bc3 Bb4 20.Bb2 Ba3 1/2-1/2

[Event "5th North Sea Cup"]
[Site "Esbjerg DEN"]
[Date "1980.07.??"]
[Round "3"]
[White "Mestel, Andrew Jonathan"]
[Black "Fries-Nielsen, Jens Ove"]
[Result "1-0"]
[WhiteElo "2485"]
[BlackElo "2355"]
[EventDate "1980.07.04"]
[PlyCount "77"]

1.e4 d6 2.d4 Nf6 3.Nc3 g6 4.Nge2 Bg7 5.g3 Nbd7 6.Bg2 O-O 7.O-O c5 8.a4 
cxd4 9.Nxd4 a6 10.h3 e5 11.Nde2 Qc7 12.Be3 Nb6 13.b3 Be6 14.Qd2 Rad8 15.a5
Nc8 16.Ra2 Qd7 17.Kh2 Kh8 18.Nd5 Bxd5 19.exd5 Ne7 20.c4 h5 21.b4 Rc8 22.
Rc2 Kh7 23.Rd1 Rfd8 24.Qc3 Qf5 25.Qb3 Bh6 26.Rcc1 Bxe3 27.Qxe3 Rc7 28.c5 
Rcc8 29.Nc3 Kg7 30.Na4 e4 31.Nb6 Nexd5 32.Nxd5 Nxd5 33.Qxe4 Qxe4 34.Bxe4 
Nxb4 35.Bxb7 dxc5 36.Bxc8 Rxc8 37.Rc3 Kh6 38.Rd6 c4 39.Rd4 1-0

[Event "5th North Sea Cup"]
[Site "Esbjerg DEN"]
[Date "1980.07.??"]
[Round "3"]
[White "Plachetka, Jan"]
[Black "Fries-Nielsen, Niels Joergen"]
[Result "1/2-1/2"]
[WhiteElo "2480"]
[BlackElo "2315"]
[EventDate "1980.07.04"]
[PlyCount "81"]

1.d4 Nf6 2.c4 e6 3.Nc3 d5 4.Bg5 Nbd7 5.e3 c6 6.Nf3 Be7 7.Qc2 O-O 8.Bd3 h6 
9.Bf4 dxc4 10.Bxc4 Nb6 11.Bb3 Nbd5 12.Bg3 b6 13.O-O Bb7 14.Rfd1 Qc8 15.
Rac1 Nxc3 16.Qxc3 c5 17.Ne5 Bd5 18.Bxd5 exd5 19.dxc5 bxc5 20.Qa5 Qe6 21.
Nd3 Qb6 22.Bc7 Qxa5 23.Bxa5 Rab8 24.Bc3 Rfd8 25.Be5 Rbc8 26.Nf4 Kf8 27.b3 
Nd7 28.Bc3 Nb6 29.Kf1 d4 30.exd4 cxd4 31.Bd2 Ba3 32.Rxc8 Rxc8 33.Ba5 Bb2 
34.Ke2 g5 35.Bxb6 axb6 36.Nd3 Bc3 37.a4 b5 38.axb5 Rb8 39.g4 Rxb5 40.b4 f5
41.h3 1/2-1/2

[Event "5th North Sea Cup"]
[Site "Esbjerg DEN"]
[Date "1980.07.??"]
[Round "4"]
[White "Fries-Nielsen, Niels Joergen"]
[Black "Yusupov, Artur"]
[Result "1/2-1/2"]
[WhiteElo "2315"]
[BlackElo "2485"]
[EventDate "1980.07.04"]
[PlyCount "35"]

1.e4 c5 2.g3 Nc6 3.Bg2 e6 4.d3 g6 5.Nh3 Bg7 6.O-O Nge7 7.f4 d6 8.c3 O-O 9.
Be3 Rb8 10.a4 a6 11.Qc1 Bd7 12.Nd2 b5 13.axb5 axb5 14.Ng5 Ra8 15.Rxa8 Qxa8
16.e5 dxe5 17.Bxc5 Qd8 18.Nde4 1/2-1/2

[Event "5th North Sea Cup"]
[Site "Esbjerg DEN"]
[Date "1980.07.??"]
[Round "4"]
[White "Mestel, Andrew Jonathan"]
[Black "Kristiansen, Jens"]
[Result "1/2-1/2"]
[WhiteElo "2485"]
[BlackElo "2430"]
[EventDate "1980.07.04"]
[PlyCount "107"]

1.e4 c5 2.Nf3 Nc6 3.d4 cxd4 4.Nxd4 Nf6 5.Nc3 d6 6.g3 e6 7.Bg2 Bd7 8.O-O 
Be7 9.Re1 O-O 10.Ndb5 Ne8 11.a4 a6 12.Nd4 Nf6 13.Nxc6 bxc6 14.a5 Rb8 15.b3
Bc8 16.Bf4 e5 17.Be3 Bb7 18.Na4 Nd7 19.c4 c5 20.Nc3 Nf6 21.Qd3 Bc6 22.Ra3 
Qc7 23.Bd2 Rfe8 24.Qc2 Rb7 25.Rc1 Reb8 26.Bf1 Qd8 27.Rb1 h6 28.Ra2 Qe8 29.
Bg2 Bf8 30.Rab2 Be7 31.h3 Bd8 32.Na2 Nd7 33.Qd3 Bc7 34.Nc3 Nf6 35.Nd5 Nxd5
36.exd5 Bd7 37.Bc3 Qd8 38.b4 cxb4 39.Rxb4 Rxb4 40.Rxb4 Rxb4 41.Bxb4 Bc8 
42.Qc3 Bd7 43.c5 dxc5 44.Qxc5 Qb8 45.Bf1 e4 46.d6 Bd8 47.Bxa6 e3 48.Bc4 
exf2+ 49.Qxf2 Bf6 50.Qd2 Qb7 51.a6 Qe4 52.Qd3 Qe5 53.Bd2 Bf5 54.Qb3 
1/2-1/2

[Event "5th North Sea Cup"]
[Site "Esbjerg DEN"]
[Date "1980.07.??"]
[Round "4"]
[White "Csom, Istvan"]
[Black "Iskov, Gert"]
[Result "1-0"]
[WhiteElo "2510"]
[BlackElo "2400"]
[EventDate "1980.07.04"]
[PlyCount "77"]

1.c4 Nf6 2.Nf3 c5 3.g3 d5 4.Bg2 Nc6 5.cxd5 Nxd5 6.d4 cxd4 7.Nxd4 Ndb4 8.
Nxc6 Qxd1+ 9.Kxd1 Nxc6 10.Bxc6+ bxc6 11.Nc3 g6 12.Be3 Bg7 13.Rc1 Be6 14.b3
O-O-O+ 15.Ke1 Bxc3+ 16.Rxc3 Kb7 17.f3 Rhe8 18.Kf2 Bd5 19.Rd1 f5 20.Rd4 Ra8
21.Rb4+ Kc7 22.Bc5 e5 23.e4 Bg8 24.Rc2 Red8 25.Be3 Rf8 26.Kg2 Rfd8 27.Rb5 
Rd3 28.Kf2 fxe4 29.fxe4 Re8 30.Ra5 Be6 31.Rxa7+ Kb8 32.Rxh7 Rf8+ 33.Ke2 
Rd6 34.h3 Rd7 35.Rh6 Rdf7 36.Rxc6 Bd7 37.Rcxg6 Bb5+ 38.Kd2 Rd7+ 39.Rd6 1-0

[Event "5th North Sea Cup"]
[Site "Esbjerg DEN"]
[Date "1980.07.??"]
[Round "4"]
[White "Savon, Vladimir"]
[Black "Plachetka, Jan"]
[Result "1-0"]
[WhiteElo "2510"]
[BlackElo "2480"]
[EventDate "1980.07.04"]
[PlyCount "97"]

1.e4 c6 2.d4 d5 3.Nc3 dxe4 4.Nxe4 Nf6 5.Nxf6+ gxf6 6.Ne2 h5 7.Qd3 Na6 8.a3
Nc7 9.c4 e5 10.Be3 c5 11.Qe4 Ne6 12.dxe5 fxe5 13.Rd1 Qa5+ 14.Bd2 Qc7 15.
Bc3 Bg7 16.f4 f5 17.Qxf5 Nxf4 18.Qg5 Ne6 19.Qg6+ Qf7 20.Qxf7+ Kxf7 21.Rd5 
Rd8 22.Rxd8 Nxd8 23.Ng3 h4 24.Nh5 Bh8 25.Bd3 Bg4 26.O-O+ Ke7 27.Nf4 exf4 
28.Bxh8 Ne6 29.Be5 Rd8 30.Be4 Be2 31.Re1 Bxc4 32.Bxb7 Kf7 33.Bf3 Kg6 34.
Bg4 Kg5 35.h3 Rd3 36.Bc3 Re3 37.Bd2 Rxe1+ 38.Bxe1 Nd4 39.Ba5 Nf5 40.Bd8+ 
Kg6 41.Kf2 Bd5 42.Bf3 Bxf3 43.Kxf3 Ne3 44.Bxh4 a6 45.Bf2 Nc4 46.Bxc5 Kf5 
47.Bd4 Nd2+ 48.Ke2 Ne4 49.b4 1-0

[Event "5th North Sea Cup"]
[Site "Esbjerg DEN"]
[Date "1980.07.??"]
[Round "4"]
[White "Fries-Nielsen, Jens Ove"]
[Black "Jakobsen, Ole"]
[Result "1/2-1/2"]
[WhiteElo "2355"]
[BlackElo "2410"]
[EventDate "1980.07.04"]
[PlyCount "49"]

1.e4 c5 2.Nf3 d6 3.d4 cxd4 4.Nxd4 Nf6 5.Nc3 a6 6.g3 e5 7.Nde2 Nbd7 8.Bg2 
b5 9.O-O Bb7 10.Nd5 Nxd5 11.exd5 Be7 12.Nc3 O-O 13.a3 Rc8 14.Be3 Nb6 15.
Qe2 Nc4 16.Bc1 f5 17.Nd1 Bf6 18.Ne3 g6 19.Nxc4 Rxc4 20.c3 Bg7 21.a4 e4 22.
axb5 axb5 23.Rd1 Re8 24.Be3 Qd7 25.Qc2 1/2-1/2

[Event "5th North Sea Cup"]
[Site "Esbjerg DEN"]
[Date "1980.07.??"]
[Round "4"]
[White "Sloth, Joern"]
[Black "Mortensen, Erling"]
[Result "1-0"]
[WhiteElo "2385"]
[BlackElo "2400"]
[EventDate "1980.07.04"]
[PlyCount "80"]

1.c4 e5 2.g3 Nf6 3.Bg2 c6 4.d4 exd4 5.Qxd4 d5 6.Nf3 Be7 7.cxd5 cxd5 8.O-O 
Nc6 9.Qd1 O-O 10.Be3 Bg4 11.Nd4 Qd7 12.Nd2 Rfe8 13.N2f3 Rac8 14.Rc1 Bd8 
15.Nb3 Bb6 16.Bxb6 axb6 17.Re1 h6 18.Qd2 Ne4 19.Qd1 Qf5 20.Nbd4 Qf6 21.
Nxc6 bxc6 22.Qd4 Qd8 23.Red1 Be6 24.Nd2 c5 25.Qd3 Nf6 26.e3 Bg4 27.Bf3 Qd7
28.Bxg4 Qxg4 29.Kg2 Rcd8 30.Nf3 Re6 31.h3 Qa4 32.a3 Qc6 33.Nd4 Qb7 34.Nxe6
fxe6 35.Qe2 d4+ 36.Kh2 Qe4 37.f3 Qe5 38.e4 h5 39.h4 b5 40.Qxb5 Rb8 1-0

[Event "5th North Sea Cup"]
[Site "Esbjerg DEN"]
[Date "1980.07.??"]
[Round "5"]
[White "Jakobsen, Ole"]
[Black "Csom, Istvan"]
[Result "1/2-1/2"]
[WhiteElo "2410"]
[BlackElo "2510"]
[EventDate "1980.07.04"]
[PlyCount "100"]

1.d4 Nf6 2.c4 e6 3.Nf3 b6 4.a3 c5 5.e3 d6 6.Nc3 Be7 7.d5 e5 8.e4 Nbd7 9.
Be2 O-O 10.O-O Ne8 11.b4 g6 12.Bh6 Ng7 13.Qd2 Nf6 14.Ne1 Kh8 15.Nd3 Ng8 
16.Be3 f5 17.f3 f4 18.Bf2 Bh4 19.a4 Bxf2+ 20.Rxf2 a5 21.bxc5 bxc5 22.Rb1 
Nh6 23.Rff1 Ne8 24.Qb2 Nf7 25.Qb6 Nc7 26.Nb5 Na6 27.Qxd8 Rxd8 28.Kf2 Bd7 
29.Nb2 Kg7 30.Rh1 Kf6 31.g4 h5 32.gxh5 gxh5 33.h4 Rg8 34.Rbg1 Nb4 35.Nd1 
Ke7 36.Bf1 Rab8 37.Be2 Na2 38.Bf1 Rbf8 39.Be2 Nb4 40.Bf1 Nc2 41.Bd3 Nd4 
42.Ndc3 Nh6 43.Ne2 Rxg1 44.Rxg1 Rg8 45.Rh1 Nf7 46.Nbc3 Rb8 47.Nb5 Nh6 48.
Rg1 Rg8 49.Rh1 Nf7 50.Nbc3 Rb8 1/2-1/2

[Event "5th North Sea Cup"]
[Site "Esbjerg DEN"]
[Date "1980.07.??"]
[Round "5"]
[White "Iskov, Gert"]
[Black "Fuller, Maxwell"]
[Result "0-1"]
[WhiteElo "2400"]
[BlackElo "2355"]
[EventDate "1980.07.04"]
[PlyCount "116"]

1.e4 g6 2.d4 Bg7 3.Nc3 c6 4.Nf3 d5 5.h3 dxe4 6.Nxe4 Nd7 7.Bc4 Ngf6 8.Nxf6+
Nxf6 9.O-O O-O 10.Re1 Bf5 11.Bg5 Be4 12.Ne5 Bd5 13.Bb3 Ne4 14.Bf4 Bxb3 15.
axb3 Nf6 16.b4 Nd5 17.Bd2 Nb6 18.Bc1 a6 19.c3 Nd7 20.Nf3 e5 21.Bg5 Qc7 22.
d5 cxd5 23.Qxd5 Rfe8 24.Rad1 Nb6 25.Qd6 Qxd6 26.Rxd6 Nc4 27.Rd7 Nxb2 28.
Rxb7 Rac8 29.Be7 Nd3 30.Ra1 Rxc3 31.Rxa6 Rc1+ 32.Kh2 Nxf2 33.Ng5 e4 34.Bf6
e3 35.Re7 Bxf6 36.Rxe8+ Kg7 37.Nf3 h5 38.Rxe3 h4 39.Re1 Rc2 40.Rf1 Rb2 41.
Rc6 g5 42.Rxf6 Kxf6 43.Kg1 Nd3 44.Ne1+ Nf4 45.Nd3 Rxg2+ 46.Kh1 Rd2 47.Nxf4
gxf4 48.Rxf4+ Ke5 49.Rxh4 Rb2 50.Kg1 f5 51.Rc4 Kd5 52.Rf4 Ke5 53.Rc4 Kd5 
54.Rc5+ Ke4 55.b5 f4 56.h4 f3 57.h5 Ke3 58.Rf5 Rb1+ 0-1

[Event "5th North Sea Cup"]
[Site "Esbjerg DEN"]
[Date "1980.07.??"]
[Round "5"]
[White "Kristiansen, Jens"]
[Black "Fries-Nielsen, Jens Ove"]
[Result "1-0"]
[WhiteElo "2430"]
[BlackElo "2355"]
[EventDate "1980.07.04"]
[PlyCount "57"]

1.e4 e5 2.Nf3 Nc6 3.Bb5 g6 4.c3 d6 5.d4 Bd7 6.O-O Bg7 7.dxe5 dxe5 8.Be3 
Nge7 9.Nbd2 O-O 10.a4 a6 11.Be2 b6 12.Nc4 a5 13.Qb1 Qe8 14.Rd1 Kh8 15.b4 
axb4 16.cxb4 Bg4 17.b5 Bxf3 18.Bxf3 Nd4 19.Nxe5 Nxf3+ 20.Nxf3 Bxa1 21.
Qxa1+ f6 22.Bh6 Rf7 23.Ng5 Ng8 24.Nxf7+ Qxf7 25.Bc1 Qc4 26.Bb2 Kg7 27.e5 
fxe5 28.Bxe5+ Kh6 29.Bg7+ 1-0

[Event "5th North Sea Cup"]
[Site "Esbjerg DEN"]
[Date "1980.07.??"]
[Round "5"]
[White "Mortensen, Erling"]
[Black "Mestel, Andrew Jonathan"]
[Result "0-1"]
[WhiteElo "2400"]
[BlackElo "2485"]
[EventDate "1980.07.04"]
[PlyCount "142"]

1.c4 Nf6 2.Nc3 c5 3.Nf3 e6 4.e3 d6 5.d4 Nbd7 6.g3 Qc7 7.b3 a6 8.Bb2 Rb8 9.
Qe2 Qa5 10.Bg2 Be7 11.O-O O-O 12.Rfd1 b5 13.dxc5 Nxc5 14.Nd2 Bb7 15.Bxb7 
Rxb7 16.Qf3 Rc7 17.e4 Nfd7 18.cxb5 Ne5 19.Qe2 Ncd3 20.Nc4 Nxc4 21.Rxd3 
Nxb2 22.Qxb2 axb5 23.b4 Qb6 24.Rad1 Rfc8 25.Qb3 Rc4 26.a4 bxa4 27.Nxa4 
Qxb4 28.Nb6 Qxb3 29.Rxb3 Rc1 30.Nxc8 Rxd1+ 31.Kg2 Bf8 32.Rb7 g5 33.Rd7 Kg7
34.Kf3 Kg6 35.Rd8 Kg7 36.Rd7 h5 37.h3 d5 38.exd5 exd5 39.Ke2 Rc1 40.Nd6 
Bxd6 41.Rxd6 Rc5 42.Ke3 f6 43.f4 Rc3+ 44.Kf2 gxf4 45.gxf4 Rc5 46.f5 Rc3 
47.Kg2 h4 48.Rxd5 Kh6 49.Rd8 Rg3+ 50.Kh2 Rf3 51.Kg2 Rg3+ 52.Kh2 Rg7 53.Rd4
Kh5 54.Ra4 Re7 55.Kg2 Re5 56.Ra8 Kg5 57.Rh8 Re3 58.Rh7 Rg3+ 59.Kh2 Rf3 60.
Kg2 Rf4 61.Ra7 Rxf5 62.Rg7+ Kh6 63.Ra7 Rg5+ 64.Kh2 Rg3 65.Rf7 Rg6 66.Ra7 
f5 67.Ra4 Kg5 68.Ra8 Rb6 69.Ra2 Rb3 70.Kg2 Re3 71.Ra8 Kf4 0-1

[Event "5th North Sea Cup"]
[Site "Esbjerg DEN"]
[Date "1980.07.??"]
[Round "5"]
[White "Plachetka, Jan"]
[Black "Sloth, Joern"]
[Result "1-0"]
[WhiteElo "2480"]
[BlackElo "2385"]
[EventDate "1980.07.04"]
[PlyCount "103"]

1.d4 Nf6 2.c4 e6 3.Nc3 Bb4 4.Nf3 b6 5.Bg5 Bb7 6.e3 h6 7.Bh4 g5 8.Bg3 Ne4 
9.Qc2 Bxc3+ 10.bxc3 Nxg3 11.fxg3 Bxf3 12.gxf3 Nc6 13.Bg2 Na5 14.Qa4 c5 15.
O-O Rc8 16.d5 Qf6 17.Rad1 O-O 18.Rd3 exd5 19.cxd5 d6 20.e4 Rce8 21.Bh3 Kh8
22.Bf5 Re5 23.c4 Rfe8 24.f4 gxf4 25.Rxf4 Rg8 26.Kh1 Re7 27.Qc2 Rg5 28.h4 
Rg7 29.Kh2 Qa1 30.Rd1 Qe5 31.Rf3 Kg8 32.Qc1 Rc7 33.Rdf1 Qd4 34.Qxh6 Nxc4 
35.R1f2 Qe5 36.Be6 Qxe4 37.Qf6 fxe6 38.Qd8+ Kh7 39.Rf8 Rce7 40.Rh8+ Kg6 
41.h5+ Kg5 42.Qf8 Qe5 43.h6 Ne3 44.hxg7 Ng4+ 45.Kg1 Qe1+ 46.Kg2 Qe4+ 47.
Qf3 Qxf3+ 48.Rxf3 Rxg7 49.dxe6 Ne5 50.Rff8 c4 51.Rhg8 Rxg8 52.e7 1-0

[Event "5th North Sea Cup"]
[Site "Esbjerg DEN"]
[Date "1980.07.??"]
[Round "6"]
[White "Fries-Nielsen, Niels Joergen"]
[Black "Iskov, Gert"]
[Result "1-0"]
[WhiteElo "2315"]
[BlackElo "2400"]
[EventDate "1980.07.04"]
[PlyCount "79"]

1.b3 e5 2.Bb2 d6 3.g3 g6 4.Bg2 Bg7 5.e4 c5 6.Ne2 Nc6 7.O-O Nge7 8.d3 O-O 
9.Nd2 f5 10.f4 Nd4 11.c3 Ne6 12.Qc2 Bd7 13.Rae1 Bc6 14.Bc1 h6 15.Nf3 exf4 
16.Nxf4 Nxf4 17.gxf4 Qd7 18.h3 Rae8 19.Kh2 Kh7 20.c4 Ng8 21.Qf2 Nf6 22.e5 
Nh5 23.d4 cxd4 24.Qxd4 dxe5 25.Qxd7 Bxd7 26.Nxe5 Bxe5 27.fxe5 Bc6 28.Bd5 
f4 29.Rf3 g5 30.Ba3 Rf5 31.Bb2 Nf6 32.Rd3 Nxd5 33.cxd5 Bb5 34.Rd2 f3 35.
Kg3 Be2 36.Kf2 g4 37.hxg4 Rg5 38.Rg1 h5 39.d6 hxg4 40.d7 1-0

[Event "5th North Sea Cup"]
[Site "Esbjerg DEN"]
[Date "1980.07.??"]
[Round "6"]
[White "Mestel, Andrew Jonathan"]
[Black "Plachetka, Jan"]
[Result "0-1"]
[WhiteElo "2485"]
[BlackElo "2480"]
[EventDate "1980.07.04"]
[PlyCount "74"]

1.e4 e5 2.Nf3 Nc6 3.Bb5 a6 4.Ba4 Nf6 5.O-O Be7 6.Bxc6 dxc6 7.d3 Nd7 8.Nbd2
O-O 9.Nc4 Bd6 10.Bd2 Re8 11.Bc3 c5 12.a4 b6 13.h3 Qe7 14.b3 f6 15.Nh4 Nb8 
16.Nf5 Bxf5 17.exf5 Nc6 18.Re1 Qd7 19.Qg4 Nd4 20.Ne3 Kh8 21.Qe4 Rg8 22.
Rab1 Rae8 23.Bd2 g6 24.fxg6 Rxg6 25.c3 f5 26.Qb7 Nc6 27.Qxa6 f4 28.Ng4 h5 
29.f3 hxg4 30.hxg4 Be7 31.Red1 Bh4 32.Qc4 Bg3 33.Kf1 Rh6 34.Ke2 Nd4+ 35.
cxd4 exd4+ 36.Be3 Rxe3+ 37.Kd2 Qe7 0-1